[Event "Saint Louis Blitz 2017"]
[Site "Saint Louis USA"]
[Date "2017.08.18"]
[Round "15.4"]
[White "Navara,D"]
[Black "Nakamura,Hi"]
[Result "0-1"]
[WhiteElo "2737"]
[BlackElo "2792"]

1.d4 Nf6 2.c4 g6 3.Nf3 Bg7 4.g3 O-O 5.Bg2 d6 6.Nc3 Nc6 7.O-O Bg4 8.d5 Na5
9.b3 c5 10.dxc6 bxc6 11.Bb2 Rb8 12.Qd2 Qc7 13.Rad1 Rfd8 14.h3 Be6 15.Ba1 Nb7
16.Nd4 Bd7 17.Kh2 Nc5 18.e4 a5 19.Nc2 Be6 20.f4 a4 21.b4 Na6 22.b5 Nc5 23.Nb4 Bxc4
24.Nxc6 Bxb5 25.Nxd8 Bxf1 26.Bxf1 Rxd8 27.e5 Nfe4 28.Nxe4 Nxe4 29.Qd4 Qc2+
30.Bg2 d5 31.Qb6 Rc8 32.Rxd5 Qxa2 33.Rd8+ Rxd8 34.Qxd8+ Bf8 35.Qd4 Nd2 36.Qb2 Qxb2
37.Bxb2 e6 38.Bc3 Nc4 39.Be4 a3 40.Bb1 Bc5 41.Kg2 Ne3+ 42.Kf3 Nd5 43.Ba1 Bb4
44.Ba2 Ne7 45.g4 h5 46.Ke4 Kg7 47.Bb3 Bd2 48.Bd4 Bb4 49.Be3 Kf8 50.Bf2 Nc6
51.f5 gxf5+ 52.gxf5 exf5+ 53.Kxf5 Kg7 54.Ba2 Bc3 55.Bc5 Bb4 56.Be3 Be7 57.e6 f6
58.Bd2 Bd6 59.Bc3 Ne7+ 60.Ke4 Kg6 61.Bb1 f5+ 62.Kd4 Kf6 63.Ba2 Be5+ 64.Kd3 Bxc3
65.Kxc3 Ng6 66.Kb4 Nf4 67.h4 Ng6 68.Kxa3 Nxh4 69.Kb4 Ng6 70.Kc5 Ne7 71.Kd6 f4
72.Bc4 f3 73.Kd7 Nf5 74.Bd3 f2 75.Bf1 h4 76.Bh3 Ne7 77.Kd6 Ng6 78.Kd7 Nf8+
79.Kd6 Nxe6 80.Bf1 Nf4 81.Kc5 h3 82.Kd4  0-1

[Event "Saint Louis Blitz 2017"]
[Site "Saint Louis USA"]
[Date "2017.08.18"]
[Round "16.3"]
[White "Nakamura,Hi"]
[Black "Karjakin,Sergey"]
[Result "1-0"]
[WhiteElo "2792"]
[BlackElo "2773"]

1.c4 Nf6 2.Nc3 e5 3.Nf3 Nc6 4.g3 d5 5.cxd5 Nxd5 6.Bg2 Bc5 7.O-O O-O 8.Nxd5 Qxd5
9.d3 Bb6 10.b4 e4 11.Ng5 Qd4 12.Be3 Qxb4 13.Nxe4 Bxe3 14.fxe3 Qe7 15.Qd2 Ne5
16.Rac1 c6 17.Nc5 Ng4 18.e4 b6 19.Na4 Bb7 20.d4 Rad8 21.h3 Ne5 22.e3 c5 23.Qc3 Ng6
24.d5 Ne5 25.Nb2 Ba6 26.Rf4 f6 27.Kh2 Rfe8 28.a4 Nf7 29.Nd1 Nd6 30.Nf2 Bc8
31.Qb2 Bd7 32.Qa2 h6 33.Nd3 Kh8 34.Rcf1 Bc8 35.R1f2 Ba6 36.Nb2 Qe5 37.Qb3 Re7
38.Qc2 Rc7 39.Nd1 Bc8 40.Nb2 Ba6 41.Bf1 Bxf1 42.Rxf1 Re8 43.Nd3 Qh5 44.e5 Nf7
45.d6 Rd7 46.Rf5 Ng5 47.h4 Qg4 48.hxg5 hxg5 49.Nf2 Qh5+ 50.Kg2 Kg8 51.Qc4+ Qf7
52.Qxf7+ Kxf7 53.Ng4  1-0

[Event "Saint Louis Blitz 2017"]
[Site "Saint Louis USA"]
[Date "2017.08.18"]
[Round "17.2"]
[White "Nepomniachtchi,I"]
[Black "Nakamura,Hi"]
[Result "1/2-1/2"]
[WhiteElo "2751"]
[BlackElo "2792"]

1.e4 c5 2.Nf3 d6 3.d4 cxd4 4.Nxd4 Nf6 5.Nc3 g6 6.Be3 Bg7 7.f3 O-O 8.Qd2 Nc6
9.O-O-O d5 10.Nxc6 bxc6 11.Bh6 Qb6 12.h4 dxe4 13.Bxg7 e3 14.Qe1 Kxg7 15.Na4 Qc7
16.Qxe3 h5 17.Bc4 Bf5 18.Rhe1 Qg3 19.Qg5 Qc7 20.Qe3 Qg3 21.Qg5 Qc7 22.Nc5 Rad8
23.Qe3 Qg3 24.Rxd8 Rxd8 25.Bxf7 Qxh4 26.Bb3 Nd5 27.Qe5+ Qf6 28.Nb7 Rd7 29.Nc5 Rd8
30.Nb7 Rd7 31.Nc5 Rd6 32.Bxd5 Rxd5 33.Qe3 Kf7 34.a3 a5 35.Ne4 Bxe4 36.Qxe4 Rd6
37.Kb1 Rd5 38.Qc4 Kg7 39.Qe4 Kf7 40.Qc4 Kg7 41.Qe4 Kf7  1/2-1/2

[Event "Saint Louis Blitz 2017"]
[Site "Saint Louis USA"]
[Date "2017.08.18"]
[Round "18.4"]
[White "Nakamura,Hi"]
[Black "Caruana,F"]
[Result "1-0"]
[WhiteElo "2792"]
[BlackElo "2807"]

1.Nf3 d5 2.b3 c5 3.Bb2 Nc6 4.e3 a6 5.d4 cxd4 6.Nxd4 Nf6 7.Nxc6 bxc6 8.Nd2 e6
9.Bd3 Be7 10.O-O O-O 11.c4 a5 12.Qc2 h6 13.Nf3 Ba6 14.e4 Qb6 15.Rfe1 Rfd8
16.Rac1 Rac8 17.c5 Qb7 18.Bxa6 Qxa6 19.Bxf6 Bxf6 20.e5 Be7 21.Nd4 Rd7 22.f4 Rb7
23.a3 Rcb8 24.Re3 Rb5 25.Rc3 Qc8 26.Nxb5 Rxb5 27.h3 Qd7 28.Qd2 Qb7 29.Qe3 Qd7
30.Qd4 Qb7 31.Rb1 Qa7 32.b4 axb4 33.axb4 g6 34.Kh2 Kg7 35.Rcb3 Qb7 36.Qc3 Qb8
37.Kh1 Qb7 38.g4 Qc8 39.Kg2 Kh7 40.Kf3 Qd7 41.Ke3 Bh4 42.Kd2 Be7 43.Kc2 Qc8
44.Ra1 Qd7 45.Ra4 Rb7 46.Rba3 Bf8 47.Ra8 Bg7 48.R3a6 Rc7 49.h4 Qe7 50.g5 h5
51.Rb8 Qd7 52.Rbb6 Qc8 53.Kd3 d4 54.Qc2 Bf8 55.Qg2 Be7 56.Qa2 Qd7 57.Rb8 Rb7
58.Rxb7 Qxb7 59.Rb6 Qd7 60.Rb8 Bd8 61.Ra8 Bc7 62.Ra7 Kg7 63.Qc4 Qd8 64.Qxd4 Qb8
65.Ra3 Bd8 66.Qc4 Qb7 67.Kc2 Be7 68.Rd3 Qa7 69.Kb2 Qb7 70.Qd4 Bf8 71.Qc4 Be7
72.Ra3 Qd7 73.Kc2 Bf8 74.Qd3 Qb7 75.Ra4 Be7 76.Kd1 Kf8 77.Ke1 Kg7 78.Kf2 Kf8
79.Kg3 Kg7 80.Kf3 Kf8 81.Ke2 Kg7 82.Kd2 Kf8 83.Kc3 Kg7 84.Ra1 Kf8 85.Ra2 Kg7
86.Qa6 Qd7 87.Rd2 Qc7 88.Qa8 Kh7 89.Kb3 Kg7 90.Kc2 Kh7 91.Qe8  1-0

[Event "FIDE World Cup 2017"]
[Site "Tbilisi GEO"]
[Date "2017.09.03"]
[Round "1.1"]
[White "Nakamura,Hi"]
[Black "Abdulla,AlR"]
[Result "1-0"]
[WhiteElo "2781"]
[BlackElo "2454"]

1.Nf3 Nf6 2.g3 b6 3.Bg2 Bb7 4.O-O g6 5.c4 Bg7 6.d4 O-O 7.d5 Ne4 8.Nfd2 Nxd2
9.Qxd2 c6 10.Nc3 cxd5 11.cxd5 d6 12.b3 b5 13.Bb2 Qb6 14.Ne4 Bxb2 15.Qxb2 Nd7
16.Rad1 Rfe8 17.h4 Ne5 18.h5 Bc8 19.Rd4 Bg4 20.hxg6 hxg6 21.f4 Bxe2 22.fxe5 dxe5
23.Qxe2 Qxd4+ 24.Kh2 f6 25.Qxb5 Kg7 26.Nf2 Rh8+ 27.Kg1 Rad8 28.Rd1 Qe3 29.Qd3 Qb6
30.Rc1 Rc8 31.Rc6 Rxc6 32.dxc6 Rd8 33.Qc3 Qd4 34.Qxd4 exd4 35.Nd3 f5 36.Nc5 Kf6
37.c7 Rc8 38.Na6 d3 39.Kf2  1-0

[Event "FIDE World Cup 2017"]
[Site "Tbilisi GEO"]
[Date "2017.09.04"]
[Round "1.2"]
[White "Abdulla,AlR"]
[Black "Nakamura,Hi"]
[Result "0-1"]
[WhiteElo "2454"]
[BlackElo "2781"]

1.d4 Nf6 2.c4 e6 3.Nf3 d5 4.Nc3 dxc4 5.Qa4+ c6 6.Qxc4 b5 7.Qd3 Nbd7 8.e4 b4
9.Na4 Bb7 10.Be3 c5 11.Nd2 Ng4 12.Rc1 Rc8 13.d5 exd5 14.exd5 Be7 15.d6 Bg5
16.Bxg5 Qxg5 17.Qe2+ Nge5 18.Rc4 O-O 19.f4 Qh4+ 20.g3 Qd8 21.fxe5 Bxh1 22.Bh3 Nxe5
23.Bxc8 Nxc4 24.Qxc4 Qe8+ 25.Kd1 Qxa4+ 26.b3 Qc6 27.d7 Qd6  0-1

[Event "FIDE World Cup 2017"]
[Site "Tbilisi GEO"]
[Date "2017.09.06"]
[Round "2.1"]
[White "Bruzon Batista,L"]
[Black "Nakamura,Hi"]
[Result "1/2-1/2"]
[WhiteElo "2651"]
[BlackElo "2781"]

1.e4 e5 2.Nf3 Nc6 3.Bb5 Nf6 4.O-O Nxe4 5.Re1 Nd6 6.Nxe5 Be7 7.Bf1 Nf5 8.Nf3 O-O
9.d4 d5 10.c3 Re8 11.Bd3 Bd6 12.Rxe8+ Qxe8 13.Nbd2 Bd7 14.Nf1 g6 15.Bg5 Kg7
16.Qd2 f6 17.Bf4 Bxf4 18.Qxf4 Nd6 19.h4 Qf7 20.Re1 Re8 21.Rxe8 Bxe8 22.Ne3 Ne7
23.b3 b5 24.Nd2 Qe6 25.b4 Bf7 26.g4 h6 27.Qg3 g5 28.h5 Bg8 29.Nb3 Bh7 30.Nc5 Qf7
31.Be2 Nec8 32.f4 Nb6 33.f5 Qe7 34.Ne6+ Kh8 35.Bd3 Bg8 36.Nc5 Bf7 37.a3  1/2-1/2

[Event "FIDE World Cup 2017"]
[Site "Tbilisi GEO"]
[Date "2017.09.07"]
[Round "2.2"]
[White "Nakamura,Hi"]
[Black "Bruzon Batista,L"]
[Result "1/2-1/2"]
[WhiteElo "2781"]
[BlackElo "2651"]

1.d4 d5 2.c4 e6 3.Nc3 Be7 4.Nf3 Nf6 5.Bf4 O-O 6.e3 b6 7.Be2 dxc4 8.Bxc4 Ba6
9.Bxa6 Nxa6 10.Qe2 Qc8 11.O-O c5 12.Nb5 Qb7 13.Bd6 Rfd8 14.Bxe7  1/2-1/2

[Event "FIDE World Cup 2017"]
[Site "Tbilisi GEO"]
[Date "2017.09.08"]
[Round "2.4"]
[White "Bruzon Batista,L"]
[Black "Nakamura,Hi"]
[Result "1/2-1/2"]
[WhiteElo "2651"]
[BlackElo "2781"]

1.Nf3 d5 2.g3 g6 3.d4 Bg7 4.Bg2 Nd7 5.O-O Ngf6 6.Bf4 O-O 7.Qc1 b6 8.c4 Ba6
9.Ne5 Bb7 10.Rd1 e6 11.Nc3 c6 12.e4 dxe4 13.Nxe4 Nxe4 14.Bxe4 Nxe5 15.Bxe5 Bxe5
16.dxe5 Qc7 17.Qg5 c5 18.Bxb7 Qxb7 19.h4 Rfe8 20.Rd6 Qe7 21.Qf4 Rab8 22.Rad1 Rb7
23.h5 g5 24.Qe4 h6 25.b3 Rc7 26.Kg2 Kg7 27.R1d2 Rg8 28.R2d3 Qe8 29.Kh2 Qa8
30.Qe2 Qb7 31.a4 a6 32.Qg4 b5 33.Rf3 bxa4 34.bxa4 a5 35.Rf6 Rd7 36.Rxd7 Qxd7
37.f4 Qd2+ 38.Kh3 Kf8 39.Rxh6 Qf2 40.fxg5 Qf1+ 41.Kh4 Qh1+ 42.Qh3 Qe4+ 43.Qg4 Qh1+  1/2-1/2

[Event "FIDE World Cup 2017"]
[Site "Tbilisi GEO"]
[Date "2017.09.08"]
[Round "2.3"]
[White "Nakamura,Hi"]
[Black "Bruzon Batista,L"]
[Result "1-0"]
[WhiteElo "2781"]
[BlackElo "2651"]

1.Nf3 Nf6 2.g3 b6 3.Bg2 Bb7 4.c4 e6 5.O-O Be7 6.d4 O-O 7.Re1 Na6 8.a3 c6
9.e4 d5 10.e5 Nd7 11.cxd5 cxd5 12.Nc3 Nc7 13.h4 Rc8 14.Ng5 Qe8 15.Qd3 Bxg5
16.Bxg5 Nb8 17.h5 h6 18.Bf4 Nc6 19.g4 Ba6 20.Qe3 Ne7 21.Kh2 Kh7 22.Bh3 Rh8
23.Rg1 Kg8 24.a4 Qd7 25.b3 Rh7 26.Rac1 Nc6 27.Na2 Ne7 28.Nb4 Bb7 29.Bf1 Kf8
30.Bd3 Rh8 31.Bg3 a5 32.Na2 Ra8 33.Bh4 Ba6 34.Bb1 Ne8 35.Nc3 Rc8 36.Ne2 Rxc1
37.Rxc1 Nc6 38.f4 Nc7 39.Qc3 Bb7 40.Bd3 Qe8 41.Ng3 Kg8 42.f5 Nb4 43.Qxc7 Nxd3
44.Rc3 Ba6 45.Qxb6 Nb4 46.Qxa5 Qb8 47.Be7 Na2 48.Rf3 Qb7 49.f6 Kh7 50.Qd2  1-0

[Event "FIDE World Cup 2017"]
[Site "Tbilisi GEO"]
[Date "2017.09.09"]
[Round "3.1"]
[White "Nakamura,Hi"]
[Black "Fedoseev,Vl3"]
[Result "1/2-1/2"]
[WhiteElo "2781"]
[BlackElo "2731"]

1.c4 e6 2.Nf3 Nf6 3.g3 d5 4.Bg2 d4 5.O-O c5 6.e3 Nc6 7.d3 Bd6 8.exd4 cxd4
9.a3 a5 10.Bg5 h6 11.Bxf6 Qxf6 12.Nbd2 Qe7 13.Ne4 Bc7 14.b4 axb4 15.axb4 Rxa1
16.Qxa1 Qxb4 17.Rb1 Qe7 18.Nxd4 Nxd4 19.Qxd4 O-O 20.Nc3 Rd8 21.Qe3 Ba5 22.Nb5 b6
23.d4 Ba6 24.d5 Qf6 25.dxe6 Qxe6 26.Bd5 Qxe3 27.fxe3 Bxb5 28.Rxb5 h5 29.Kf2 g6
30.e4  1/2-1/2

[Event "chess.com IoM Masters"]
[Site "Douglas ENG"]
[Date "2017.09.23"]
[Round "1.4"]
[White "Neelotpal,D"]
[Black "Nakamura,Hi"]
[Result "0-1"]
[WhiteElo "2448"]
[BlackElo "2781"]

1.e4 c5 2.Nf3 Nc6 3.d4 cxd4 4.Nxd4 e5 5.Nb5 d6 6.N1c3 a6 7.Na3 Be7 8.Nc4 b5
9.Ne3 Nf6 10.a3 O-O 11.g3 Be6 12.Bg2 Qd7 13.Ncd5 Bd8 14.O-O Bxd5 15.Nxd5 Nxd5
16.Qxd5 Bb6 17.c3 Rac8 18.Bd2 Ne7 19.Qb3 Kh8 20.a4 Rc4 21.axb5 axb5 22.Ra6 Rb8
23.Rfa1 Ng8 24.Qc2 Nf6 25.Qd3 h6 26.Qe2 Ra4 27.b4 Rxa1+ 28.Rxa1 Ne8 29.Bf1 Nc7
30.Be3 Qc6 31.Bxb6 Rxb6 32.Qe3 Kg8 33.Ra5 Rb8 34.Be2 Rd8 35.Qd3 g6 36.h4 h5
37.Bf3 Kg7 38.Qe3 Rb8 39.Be2 Ne8 40.Qd3 Nf6 41.Bf3 Rc8 42.Ra3 Qb6 43.Ra1 Rc4
44.Re1 Qa6 45.Re3 Qc6 46.Kh2 Kf8 47.Kg1 Ke7 48.Kg2 Kf8 49.Kg1 Kg8 50.Kh2 Kh7
51.Qd2 Qa6 52.Be2 Rc7 53.Kg2 Kg7 54.Bf3 Qc6 55.Qd3 Rc8 56.Kh2 Ra8 57.Qd2 Ra1
58.Kg2 Qc4 59.Qe2 Qb3 60.Rd3 d5 61.exd5 e4 62.Bxe4 Qb1 63.Kh3 Ra2 64.Rd4 Qg1
65.Qxa2 Nxe4  0-1

[Event "chess.com IoM Masters"]
[Site "Douglas ENG"]
[Date "2017.09.24"]
[Round "2.4"]
[White "Nakamura,Hi"]
[Black "Olafsson,H1"]
[Result "1-0"]
[WhiteElo "2781"]
[BlackElo "2512"]

1.Nf3 Nf6 2.g3 g6 3.b3 Bg7 4.Bb2 c5 5.Bg2 Nc6 6.c4 d6 7.O-O e5 8.Nc3 O-O
9.e3 Re8 10.d3 Rb8 11.Ne1 a6 12.Nc2 Bg4 13.Qd2 Qd7 14.Nd5 Bh3 15.Nb6 Qe6
16.f4 exf4 17.gxf4 Ne4 18.dxe4 Bxg2 19.Qxg2 Bxb2 20.Rad1 Bg7 21.f5 Qxe4 22.fxg6 hxg6
23.Rxd6 Qxg2+ 24.Kxg2 Rbd8 25.Rfd1 Rxd6 26.Rxd6 Rd8 27.Rd7 f5 28.Ne1 Bh6
29.Kf2 f4 30.e4 Re8 31.Nd5 Bg7 32.Rxb7 Rxe4 33.Nf3 Nd4 34.Rb8+  1-0

[Event "chess.com IoM Masters"]
[Site "Douglas ENG"]
[Date "2017.09.25"]
[Round "3.2"]
[White "Shirov,A"]
[Black "Nakamura,Hi"]
[Result "1/2-1/2"]
[WhiteElo "2630"]
[BlackElo "2781"]

1.e4 c6 2.d4 d5 3.e5 Bf5 4.Nf3 e6 5.Be2 Ne7 6.O-O h6 7.b4 Nd7 8.a4 g5 9.a5 Bg7
10.Nbd2 O-O 11.Nb3 f6 12.exf6 Bxf6 13.Nc5 Nxc5 14.bxc5 Ng6 15.Be3 Qc7 16.c4 a6
17.cxd5 exd5 18.Bd3 Bxd3 19.Qxd3 Kg7 20.Rfe1 Rae8 21.h3 Qd7 22.Bd2 Rxe1+
23.Rxe1 Re8 24.Rxe8 Qxe8 25.Qf5 Ne7 26.Qg4 Qc8 27.Qh5 Qf5 28.Qe8 Qc8 29.Qh5 Qf5
30.Qe8 Qc8  1/2-1/2

[Event "chess.com IoM Masters"]
[Site "Douglas ENG"]
[Date "2017.09.26"]
[Round "4.5"]
[White "Nakamura,Hi"]
[Black "Sethuraman,S"]
[Result "1/2-1/2"]
[WhiteElo "2781"]
[BlackElo "2617"]

1.d4 Nf6 2.c4 e6 3.Nf3 d5 4.Nc3 c6 5.Bg5 Nbd7 6.e3 Qa5 7.Nd2 Bb4 8.Bf4 Bxc3
9.bxc3 Qxc3 10.Rc1 Qa5 11.Bd3 dxc4 12.Rxc4 e5 13.Bg3 O-O 14.O-O Re8 15.Qc2 exd4
16.Nb3 Qb6 17.Rxd4 Ne5 18.Be2 Qc7 19.Rfd1 Qe7 20.h3 b6 21.Bxe5 Qxe5 22.Qxc6 Bf5
23.g4 Rec8 24.Qd6 Qxd6 25.Rxd6 Bc2 26.R1d4 Ne4 27.Rd7 Bxb3 28.Rxe4 Bxa2 29.Ra4 Be6
30.Rdxa7 Rxa7 31.Rxa7 h5 32.gxh5 Bxh3 33.Rb7 Rc6 34.Rb8+ Kh7 35.Bd3+ Kh6
36.Rh8+ Kg5 37.Rh7 Be6 38.Rxg7+ Kxh5 39.Rg8 Rc8 40.Rg7 Kh6 41.Rh7+ Kg5 42.f4+ Kf6
43.Kf2 Ke7 44.Rh6 Rd8 45.Bf1 Rd6 46.e4 Bd7 47.Rh5 Rd4 48.Ke3 Rb4 49.Bd3 Rb3
50.Kd4 Rb4+ 51.Kc3 Ra4 52.Rh6 Ra3+ 53.Kd4 Ra4+ 54.Ke3 b5 55.f5 Ra3 56.Kd4 f6
57.Rh7+ Ke8 58.Be2 Ra2 59.Bh5+ Kd8 60.Bf7 Ra4+ 61.Kd5 b4 62.Kd6 Ra6+ 63.Kc5 Ra5+
64.Kd4 Bc6 65.Bc4 Re5 66.Bd3 b3 67.Rh2 Ra5 68.Kc3 Re5 69.Rh4 Ke7 70.Kxb3 Kd6
71.Kc3 Kc5 72.Bc2 Re7 73.Kd3 Ra7 74.Ke3 Kd6 75.Kf4 Ra1 76.Rh6 Rf1+ 77.Ke3 Ke5
78.Rh7 Re1+ 79.Kf3 Rf1+ 80.Ke2 Rc1 81.Bd3 Kd4 82.Rh8 Ra1 83.Rd8+ Ke5 84.Rc8 Kd6
85.Kf3 Ra3 86.Rd8+ Ke5 87.Kg4 Ra8 88.Rxa8 Bxa8 89.Kf3 Bc6 90.Ke3 Bb7 91.Bc2 Bc6
92.Bd3 Bb7 93.Bc2 Bc6 94.Bd3  1/2-1/2

[Event "chess.com IoM Masters"]
[Site "Douglas ENG"]
[Date "2017.09.27"]
[Round "5.6"]
[White "Sargissian,G"]
[Black "Nakamura,Hi"]
[Result "0-1"]
[WhiteElo "2652"]
[BlackElo "2781"]

1.d4 Nf6 2.Nf3 e6 3.c4 d5 4.Nc3 Be7 5.Bf4 O-O 6.e3 c5 7.dxc5 Bxc5 8.cxd5 Nxd5
9.Nxd5 exd5 10.Bd3 Bb4+ 11.Nd2 d4 12.e4 Na6 13.O-O Nc5 14.Nf3 Bg4 15.a3 Ba5
16.b4 Ne6 17.Bg3 Bc7 18.e5 Ng5 19.h4 Nxf3+ 20.gxf3 Be6 21.Re1 Qd7 22.f4 Bb6
23.Qh5 g6 24.Qh6 Bf5 25.Bxf5 Qxf5 26.h5 Qh3 27.f5 d3 28.Qg5 h6 29.Qh4 Qxf5
30.Kg2 Rad8 31.Re4 d2 32.Rd1 g5 33.Qg4 Qxg4 34.Rxg4 Rfe8 35.Kf1 Bc7 36.e6 Bxg3
37.exf7+ Kxf7 38.Rxg3 Re5 39.Rc3 g4 40.Rc7+ Kf6 41.Rxb7 Rxh5 42.Kg2 Re5 43.Kf1 h5
44.b5 Re7 45.Rxe7 Kxe7 46.a4 Rd5 47.Ke2 h4 48.a5 Kd7 49.b6 axb6 50.axb6 h3  0-1

[Event "chess.com IoM Masters"]
[Site "Douglas ENG"]
[Date "2017.09.28"]
[Round "6.3"]
[White "Nakamura,Hi"]
[Black "Lenderman,A"]
[Result "1/2-1/2"]
[WhiteElo "2781"]
[BlackElo "2565"]

1.e4 e6 2.d4 d5 3.Nd2 c5 4.exd5 Qxd5 5.Ngf3 cxd4 6.Bc4 Qd6 7.O-O Nf6 8.Nb3 Nc6
9.Nbxd4 Nxd4 10.Nxd4 a6 11.Bb3 Qc7 12.Qf3 Bd6 13.h3 O-O 14.Bg5 Bh2+ 15.Kh1 Be5
16.Rad1 h6 17.Bh4 Nd7 18.c3 Bf6 19.Bg3 Be5 20.Bc2 Nf6 21.Qd3 Bd7 22.Rde1 Bf4
23.Qf3 e5 24.Bxf4 exf4 25.Bb3 Rfe8 26.Qd3 Kf8 27.Kg1 Rad8 28.Rxe8+ Rxe8 29.Rd1 g6
30.Nf3 Kg7 31.c4 Bc6 32.Nd4 Qe5 33.Bc2 Be4 34.Qc3 Bxc2 35.Qxc2 Qa5 36.Qb1 Ne4
37.b4 Qe5 38.Qd3 Qf6 39.c5 h5 40.Rc1 Ng5 41.h4 Ne4 42.Nf3 Qb2 43.Qd4+ Qxd4
44.Nxd4 Rd8 45.Nb3 Rd3 46.Na5 Nc3 47.Rc2 Nd5 48.Nxb7 Nxb4 49.Rc4 Nc6 50.Rxf4 Ra3
51.Nd6 f5 52.Rf3 Rxa2 53.Rb3 Rc2 54.Rb7+ Kf6 55.Rb6 Rxc5 56.Rxa6 Ke7 57.Nb7  1/2-1/2

[Event "chess.com IoM Masters"]
[Site "Douglas ENG"]
[Date "2017.09.29"]
[Round "7.4"]
[White "Wagner,De"]
[Black "Nakamura,Hi"]
[Result "0-1"]
[WhiteElo "2564"]
[BlackElo "2781"]

1.Nf3 d5 2.g3 Bg4 3.Bg2 c6 4.c4 e6 5.O-O Nd7 6.cxd5 cxd5 7.Nc3 Ngf6 8.d3 Bc5
9.h3 Bh5 10.e4 dxe4 11.dxe4 O-O 12.Qe2 Bxf3 13.Bxf3 Ne5 14.Rd1 Qb6 15.Bg2 Bd4
16.Bd2 Rfd8 17.Be1 Nc6 18.Kh2 e5 19.f4 Re8 20.Nb5 exf4 21.gxf4 Be3 22.Bd2 Nd5
23.Nd6 Bxf4+ 24.Bxf4 Nxf4 25.Qf3 g5 26.Nxe8 Rxe8 27.Qg3 h6 28.Rd2 Ne5 29.Rad1 Nc4
30.Rd7 Qxb2 31.Rf1 Ne5 32.Rd6 Neg6 33.Rf2 Qe5 34.Rd7 Rc8 35.Rxb7 h5 36.Kh1 Rc3
37.Rf3 Rc2 38.Rf2 Rc3 39.Rf3 h4 40.Qe1 Rc2  0-1

[Event "chess.com IoM Masters"]
[Site "Douglas ENG"]
[Date "2017.09.30"]
[Round "8.2"]
[White "Nakamura,Hi"]
[Black "Sutovsky,E"]
[Result "1-0"]
[WhiteElo "2781"]
[BlackElo "2683"]

1.d4 d5 2.c4 dxc4 3.e4 Nf6 4.e5 Nd5 5.Bxc4 Bf5 6.Ne2 e6 7.O-O Nb6 8.Bb3 c5
9.Be3 c4 10.Bxc4 Nxc4 11.Qa4+ Nd7 12.Qxc4 Rc8 13.Qa4 Bc2 14.Qxa7 Bd3 15.Nbc3 Ba6
16.d5 Nxe5 17.Rfd1 Nd3 18.dxe6 Bd6 19.exf7+ Kxf7 20.Qd4 Re8 21.Qd5+ Kf8 22.Qf5+ Kg8
23.Bg5 Qc7 24.Qd5+ Kh8 25.Rxd3 Bxh2+ 26.Kh1 Bc4 27.Qd7 h6 28.g3 hxg5 29.Qxc7 Rxc7
30.Rd2 Rf7 31.Nd4  1-0

[Event "chess.com IoM Masters"]
[Site "Douglas ENG"]
[Date "2017.10.01"]
[Round "9.1"]
[White "Carlsen,M"]
[Black "Nakamura,Hi"]
[Result "1/2-1/2"]
[WhiteElo "2827"]
[BlackElo "2781"]

1.d4 Nf6 2.Nf3 e6 3.c4 d5 4.Nc3 Be7 5.Bf4 O-O 6.e3 c5 7.dxc5 Bxc5 8.a3 Nc6
9.Qc2 Qa5 10.Rd1 Re8 11.Nd2 e5 12.Bg5 Nd4 13.Qc1 Bf5 14.Bxf6 Nc2+ 15.Ke2 Nd4+
16.Ke1 Nc2+ 17.Ke2 Nd4+ 18.Ke1 Nc2+  1/2-1/2

[Event "chess.com Speed 5m+2spm 2017"]
[Site "chess.com INT"]
[Date "2017.11.02"]
[Round "2.2"]
[White "Nakamura,Hi"]
[Black "Caruana,F"]
[Result "1-0"]
[WhiteElo "2786"]
[BlackElo "2802"]

1.b3 e5 2.Bb2 Nc6 3.e3 Nf6 4.Bb5 e4 5.f3 a6 6.Bxc6 dxc6 7.Nc3 Bf5 8.fxe4 Nxe4
9.Nf3 Bd6 10.O-O Qe7 11.Nxe4 Bxe4 12.d3 Bg6 13.e4 O-O-O 14.Qe2 f6 15.Nh4 Kb8
16.Kh1 Be5 17.Bxe5 Qxe5 18.Qf2 Bf7 19.Nf5 Rhg8 20.Rae1 Be6 21.Ne3 h5 22.a4 Rh8
23.Qf4 Qc3 24.Re2 h4 25.h3 Rh5 26.Qf2 Qe5 27.Qf4 Qc3 28.Qf2 Qe5 29.Nf5 Bxf5
30.exf5 Qd5 31.Re4 Rdh8 32.Rf4 Rg5 33.Re1 b6 34.Qf3 Qxf3 35.Rxf3 Rhh5 36.Ref1 c5
37.Rf4 Kb7 38.R1f3 Kc6 39.Kg1 Kd5 40.Rg4 a5 41.Kf2 Rxf5 42.Rxg7 Kd4 43.Rxc7 Kc3
44.Rc6 Kxc2 45.Rxb6 Rxf3+ 46.Kxf3 Kxd3 47.Rxf6 Kc2 48.Rb6 Rg5 49.Rb5 Rg3+
50.Kf2 Rc3 51.Rxa5 Kxb3 52.Ra8 Rc4 53.a5 Ra4 54.a6 c4 55.a7 Kc2 56.Rc8  1-0

[Event "chess.com Speed 5m+2spm 2017"]
[Site "chess.com INT"]
[Date "2017.11.02"]
[Round "2.3"]
[White "Caruana,F"]
[Black "Nakamura,Hi"]
[Result "1/2-1/2"]
[WhiteElo "2802"]
[BlackElo "2786"]

1.e4 e5 2.Nf3 Nc6 3.Bb5 Nf6 4.d3 Bc5 5.Nbd2 O-O 6.Bxc6 dxc6 7.Qe2 Re8 8.Nc4 Bg4
9.h3 Bxf3 10.Qxf3 Nd7 11.Qg3 Qe7 12.O-O Nf8 13.Be3 Ng6 14.Kh1 b6 15.a4 a5
16.b3 Rad8 17.Rae1 Bb4 18.Rd1 Bc5 19.Bg5 f6 20.Bd2 Bd6 21.Qg4 Qd7 22.g3 Rf8
23.Kg2 Qf7 24.h4 Ne7 25.h5 Kh8 26.Ne3 Bc5 27.Nf5 Nxf5 28.Qxf5 Qd7 29.Qxd7 Rxd7
30.f4 Bd6 31.Bc3 Re8 32.Rf3 h6 33.Kh3 Bb4 34.Bb2 exf4 35.Rxf4 Bd6 36.Rf5 Bc5
37.Re1 Bd4 38.Bc1 Be5 39.Bf4 Bc3 40.Re2 Kg8 41.Kg4 c5 42.Kf3 c6 43.g4 Bd4
44.Bd2 Be5 45.Be3 Bc3 46.Bf4 Bd4 47.Bd2 Be5 48.Be3  1/2-1/2

[Event "chess.com Speed 5m+2spm 2017"]
[Site "chess.com INT"]
[Date "2017.11.02"]
[Round "2.1"]
[White "Caruana,F"]
[Black "Nakamura,Hi"]
[Result "1-0"]
[WhiteElo "2802"]
[BlackElo "2786"]

1.e4 e5 2.Nf3 Nc6 3.Bb5 Nf6 4.d3 Bc5 5.c3 O-O 6.O-O Re8 7.Bg5 a6 8.Bc4 h6
9.Bh4 d6 10.Nbd2 Ba7 11.a4 Be6 12.Re1 Bxc4 13.Nxc4 Re6 14.Ne3 Ne7 15.Bxf6 Rxf6
16.d4 Ng6 17.g3 c6 18.Kg2 Qc7 19.d5 Bxe3 20.Rxe3 Ne7 21.c4 a5 22.Rc1 Rd8
23.Rb3 c5 24.h3 Rg6 25.Nh4 Rf6 26.Qg4 Kh7 27.Rcc3 Rf8 28.Rb5 b6 29.Rcb3 Nc8
30.Nf5 Rg6 31.Qh4 Qd7 32.Rf3 Re8 33.Ne3 Qe7 34.Qxe7 Rxe7 35.Nf5 Ra7 36.Nh4 Rg5
37.Rfb3 Ra6 38.Kh2 Rh5 39.Nf5 Rg5 40.f4 Rg6 41.Rf3 Rf6 42.Ne3 h5 43.Kg2 Ra7
44.Rb3 Kg8 45.f5 Rh6 46.g4 f6 47.Rg3 h4 48.Rf3 Kf7 49.Rf1 Rb7 50.Kf3 Ne7
51.g5 fxg5 52.Rg1 Rh5 53.Kg4 g6 54.fxg6+ Kxg6 55.Nf5 Ng8 56.Nxd6 Nf6+ 57.Kf3 Rb8
58.Nf5 Rhh8 59.Ke3 Nh5 60.Ne7+ Kf6 61.Nc6 Nf4 62.Nxb8 Rxb8 63.Kf2 Kg6 64.Rg4 Kf6
65.Rf3 Rf8 66.Rb3 Rb8 67.Kg1 Ne2+ 68.Kh2 Nf4 69.Rg1 Ne2 70.Rf1+ Nf4 71.Rb5 g4
72.hxg4 Kg5 73.d6 h3  1-0

[Event "chess.com Speed 5m+2spm 2017"]
[Site "chess.com INT"]
[Date "2017.11.02"]
[Round "2.4"]
[White "Nakamura,Hi"]
[Black "Caruana,F"]
[Result "1-0"]
[WhiteElo "2786"]
[BlackElo "2802"]

1.Nf3 d5 2.b3 Nf6 3.Bb2 g6 4.e3 Bg7 5.d4 O-O 6.Bd3 Nbd7 7.O-O c5 8.Nbd2 b6
9.c4 Bb7 10.Qe2 cxd4 11.exd4 dxc4 12.bxc4 Re8 13.Rad1 Qc7 14.Rfe1 Rac8 15.Ne5 Nxe5
16.dxe5 Nd7 17.Nb3 Nc5 18.Nxc5 Qxc5 19.e6 f5 20.Bxg7 Kxg7 21.Qb2+ Kg8 22.h4 Red8
23.Bf1 f4 24.Rd7 Rxd7 25.exd7 Rd8 26.Re5 Qd6 27.c5 Qf6 28.Qb3+ Kf8 29.Re6 Qa1
30.c6 Ba6 31.Qa3  1-0

[Event "chess.com Speed 5m+2spm 2017"]
[Site "chess.com INT"]
[Date "2017.11.02"]
[Round "2.5"]
[White "Caruana,F"]
[Black "Nakamura,Hi"]
[Result "1/2-1/2"]
[WhiteElo "2802"]
[BlackElo "2786"]

1.d4 Nf6 2.c4 e6 3.g3 d5 4.Nf3 Bb4+ 5.Bd2 Be7 6.Bg2 O-O 7.O-O Nbd7 8.Qc2 c6
9.Rd1 Ne4 10.Bf4 g5 11.Bc1 f5 12.Nc3 Bf6 13.e3 Rf7 14.b3 b6 15.Bb2 Bb7 16.Rac1 Qe8
17.Ne2 Rc8 18.Ne5 Rg7 19.a4 Nd6 20.Qd2 Nf7 21.Nd3 h5 22.a5 h4 23.axb6 axb6
24.Ra1 g4 25.Nef4 Ng5 26.Ra7 Rb8 27.Ne5 h3 28.Bh1 Bxe5 29.dxe5 Nc5 30.Qb4 dxc4
31.Qxc4 Nce4 32.Bxe4 fxe4 33.Rd6 Re7 34.Qb4 Bc8 35.Rxe7 Qxe7 36.Nh5 Kf7 37.Nf6 Ra8
38.Nxe4 Nf3+ 39.Kh1 Ra2 40.Qc3 Ba6 41.Rd1 Be2 42.Nd6+ Kg7 43.Nf5+ exf5 44.Rd7 Bf1
45.Rxe7+ Kf8 46.Re8+ Kxe8 47.Qxc6+ Kd8 48.Qxb6+ Kc8 49.Qc6+ Kb8 50.Qb6+ Kc8
51.Qc6+ Kb8 52.Qb6+ Kc8 53.Qc6+  1/2-1/2

[Event "chess.com Speed 5m+2spm 2017"]
[Site "chess.com INT"]
[Date "2017.11.02"]
[Round "2.6"]
[White "Nakamura,Hi"]
[Black "Caruana,F"]
[Result "1/2-1/2"]
[WhiteElo "2786"]
[BlackElo "2802"]

1.b3 d5 2.Bb2 Nf6 3.Nf3 g6 4.e3 Bg7 5.d4 O-O 6.Bd3 c5 7.O-O b6 8.dxc5 bxc5
9.c4 e6 10.Nc3 Bb7 11.Na4 Nbd7 12.cxd5 exd5 13.Qe2 Re8 14.Rac1 Rc8 15.Ba6 Bxa6
16.Qxa6 Re6 17.Qd3 Rec6 18.Rfd1 Qe7 19.Ba3 Qe8 20.Nc3 c4 21.bxc4 dxc4 22.Qc2 Nc5
23.Nd4 Ra6 24.Bxc5 Rxc5 25.Rb1 h5 26.h3 Rb6 27.Rxb6 axb6 28.Rb1 Nd7 29.a4 Qe7
30.Rd1 Ne5 31.Qe4 Nc6 32.Qxe7 Nxe7 33.Rb1 Nf5 34.Nde2 Rc6 35.g4 hxg4 36.hxg4 Ne7
37.Kg2 f5 38.gxf5 Nxf5 39.Nd5 c3 40.Nexc3 Bxc3 41.Rc1 Rc5 42.Nxc3 Rc4 43.Ne2 Rxa4
44.Rc6 Kf7 45.Nf4 g5 46.Nd5 Nh4+ 47.Kg3 Ra1 48.f4 Rg1+ 49.Kh3 Nf3 50.fxg5 Nxg5+
51.Kh2 Nf3+ 52.Kh3 Ng5+ 53.Kh2 Nf3+  1/2-1/2

[Event "chess.com Speed 3m+2spm 2017"]
[Site "chess.com INT"]
[Date "2017.11.02"]
[Round "2.11"]
[White "Caruana,F"]
[Black "Nakamura,Hi"]
[Result "0-1"]
[WhiteElo "2802"]
[BlackElo "2786"]

1.e4 e5 2.Nf3 Nc6 3.Bb5 Nf6 4.d3 Bc5 5.Bxc6 dxc6 6.Nbd2 Be6 7.Qe2 Nd7 8.Nb3 Bb6
9.Ng5 Nf8 10.O-O Bxb3 11.axb3 f6 12.Nf3 Ne6 13.Kh1 Qd7 14.Be3 O-O 15.Nd2 Bd4
16.Ra2 Rad8 17.Nc4 a6 18.Qg4 Kh8 19.Bd2 Bb6 20.Ne3 Bxe3 21.Bxe3 Nd4 22.Qxd7 Rxd7
23.Bxd4 Rxd4 24.Ra5 Re8 25.g3 g6 26.Kg2 Kg7 27.f4 Rb4 28.Kf3 Rb5 29.Ra4 Rc5
30.Rc4 Ra5 31.Ra4 Rxa4 32.bxa4 a5 33.h4 Rd8 34.b3 h6 35.Ke3 c5 36.g4 Rh8
37.h5 exf4+ 38.Rxf4 b6 39.hxg6 Kxg6 40.Rf5 Re8 41.Rd5 Re7 42.Kf4 Rh7 43.c3 Rh8
44.Rd7 h5 45.Rxc7 h4  0-1